| 000 | 00522nam a2200169Ia 4500 | ||
|---|---|---|---|
| 003 | OSt | ||
| 005 | 20200818120719.0 | ||
| 008 | 190216s9999||||xx |||||||||||||| ||und|| | ||
| 040 | _coclc | ||
| 082 |
_a540 _bDEV/S |
||
| 100 |
_aDevadasan, K K _94187 |
||
| 245 | 0 |
_aSubsidiary Chemistry (First Year Bsc) / _cK K Devadasan ; T M Gokulachandran ; Joby Thomas K |
|
| 260 |
_bManjusha Publications, _c2003. _aCalicut: |
||
| 300 | _a336p | ||
| 650 | _aChemistry | ||
| 942 |
_cBK _2ddc _h540 _iDEV/S _k540 _mDEV/S |
||
| 999 |
_c3760 _d3760 |
||